000 00403nam a2200169Ia 4500
008 230524s9999 xx 000 0 und d
082 _a621.381
_bMIT
100 _aA.K.Vanwasi
245 0 _aPulse and Digital Electronics
250 _a2ND
260 _aNEW DELHI
_bKhanna
_c2004
300 _a1154
500 _aQuantity Number: 4
650 _aElectronics
700 _a G.K.Mithal
942 _cBK
999 _c22836
_d22836